Welcome to CU Library Online Public Access Catalogue (OPAC)

THE CHRISTIAN, THE ARTS AND TRUTH; (Record no. 6548)

MARC details
000 -LEADER
fixed length control field 00423nam a22001457a 4500
005 - DATE AND TIME OF LATEST TRANSACTION
control field 20250617131224.0
008 - FIXED-LENGTH DATA ELEMENTS--GENERAL INFORMATION
fixed length control field 250617b |||||||| |||| 00| 0 eng d
020 ## - INTERNATIONAL STANDARD BOOK NUMBER
International Standard Book Number 0880703059
050 ## - LIBRARY OF CONGRESS CALL NUMBER
Classification number BR115
Item number .A8 GAE
100 ## - MAIN ENTRY--PERSONAL NAME
Personal name GAEBELEIN, E. FRANK
245 ## - TITLE STATEMENT
Title THE CHRISTIAN, THE ARTS AND TRUTH;
Remainder of title REGAINING THE VISION OF GREATNESS
260 ## - PUBLICATION, DISTRIBUTION, ETC.
Place of publication, distribution, etc. PORTLAND
Name of publisher, distributor, etc. ZONDERVAN BIBLE PUBLISHERS
Date of publication, distribution, etc. c1978
300 ## - PHYSICAL DESCRIPTION
Extent 261p
942 ## - ADDED ENTRY ELEMENTS (KOHA)
Source of classification or shelving scheme Library of Congress Classification
Koha item type Books
Suppress in OPAC No
999 ## -
-- 6548
-- 6548
Holdings
Withdrawn status Lost status Source of classification or shelving scheme Damaged status Not for loan Collection Home library Current library Shelving location Date acquired Total checkouts Full call number Barcode Date last seen Copy number Price effective from Koha item type
    Library of Congress Classification     Non-fiction Undergraduate Library (Christ Temple) Undergraduate Library (Christ Temple) General stacks 06/17/2025   BR115.A8 GAE ulct00003403 06/17/2025 1 06/17/2025 Books
© 2023-2024 Copyright: Central University Libraries. All Rights Reserved | Created by: Mahone Tech Office